Regions by Countries - Statistics

General Stats
  • This quiz has been taken 47 times
  • The average score is 40 of 60
Answer Stats
Hint Answer % Correct
Spain Iberia
92%
Portugal Iberia
92%
Andorra Iberia
92%
Norway Scandinavia
92%
Denmark Scandinavia
92%
Sweden Scandinavia
92%
Estonia Baltic States
89%
Lithuania Baltic States
89%
Latvia Baltic States
89%
Bulgaria Balkans
84%
Croatia Balkans
84%
Serbia Balkans
84%
Ethiopia Horn of Africa
82%
Somalia Horn of Africa
82%
Eritrea Horn of Africa
82%
Guatemala Central America
79%
Panama Central America
79%
Honduras Central America
79%
Laos Indochina
71%
Vietnam Indochina
71%
Cambodia Indochina
71%
Qatar Arabia
68%
Oman Arabia
68%
U.A.E. Arabia
68%
Egypt North Africa
66%
Algeria North Africa
66%
Tunisia North Africa
66%
*Scotland British Isles
63%
Yemen Middle East
63%
Saudi Arabia Middle East
63%
Iraq Middle East
63%
Ireland British Isles
61%
*England British Isles
61%
South Korea East Asia
61%
Taiwan East Asia
61%
China East Asia
61%
Kiribati Micronesia
61%
Marshall Islands Micronesia
61%
Palau Micronesia
61%
Kazakhstan Central Asia
55%
Uzbekistan Central Asia
55%
Turkmenistan Central Asia
55%
Haiti Caribbean
53%
Jamaica Caribbean
53%
Bahamas Caribbean
53%
Georgia Caucasus Mountains
50%
Azerbaijan Caucasus Mountains
50%
Armenia Caucasus Mountains
50%
Lebanon Levant
50%
Syria Levant
50%
Israel Levant
50%
Fiji Melanesia
50%
Vanuatu Melanesia
50%
Solomon Islands Melanesia
50%
Namibia South Africa
50%
Lesotho South Africa
50%
Botswana South Africa
50%
Dominica Lesser Antilles
47%
St. Lucia Lesser Antilles
47%
Barbados Lesser Antilles
47%
No matching quizzes found
Score Distribution
Percent of People with Each Score
Percentile by Number Answered
Your Score History
You have not taken this quiz